000 00395nam a22001577a 4500
003 OSt
005 20240104111120.0
008 211202b xxu||||| |||| 00| 0 eng d
020 _a9789383182923
040 _cIIMT UNIVERSITY MEERUT
100 _aSAXENA, S.C
245 _aA TEXT BOOK OF RAILWAY ENGINEERING
260 _aNEW DELDI
_bDHANPAT RAI
_c2021
300 _aAP.9
942 _2ddc
_c02
_e8
999 _c51162
_d51162